| 000 | 01244nam0a22003011 4500 | ||
|---|---|---|---|
| 001 | rc\3623860 | ||
| 005 | 20260409070240.0 | ||
| 021 |
_aRU _bРг8750-74 |
||
| 021 |
_aRU _b74-59071 |
||
| 035 | _a(NLR Aleph) 007719440 | ||
| 090 |
_a6934954 _c6934954 |
||
| 100 | _a20130115d1974 |||y0rusy50 ca | ||
| 101 | 0 | _arus | |
| 102 | _aRU | ||
| 105 | _ay z ||||| | ||
| 200 | 1 |
_aВеликая победа Советского Союза _e(К 30-летию изгнания немецко-фашистских захватчиков из пределов Сов. Союза _eМатериал в помощь лектору) _fПравл. о-ва "Знание" БССР. Науч.-метод. совет по пропаганде воен. знаний |
|
| 210 |
_aМинск _cБ. и. _d1974 |
||
| 215 |
_a[2], 18 с. _d20 |
||
| 320 | _aБиблиогр.: с. 17- 18 | ||
| 606 |
_aВеликая Отечественная война _z1941 - 1945 _xГодовщины _3RU\NLR\AUTH\66187542 _91237240 |
||
| 686 | 1 | _aЦ35(2)722,021.2 | |
| 700 | 1 |
_aМартьянов _bК.П. _gКирилл Петрович |
|
| 801 | 0 |
_aRU _bNLR _gpsbo |
|
| 801 | 1 |
_aRU _bELAR _2rusmarc |
|
| 852 |
_aNLR _j74-4/11201 |
||
| 942 | _cBOOK | ||
| 980 | _aNB | ||